Szczegóły MARC21

Slovarʹ sovremennogo russkogo literaturnogo âzyka. T. 1- /

003 -Nazwa inst., której nr kontr. jest w polu 001 [,]
    • @
    • Nazwa instytucji, której n kontrolny jest w polu 001
    • NUKAT
005 -DATA I CZAS OSTATNIEJ MODYFIKACJI [,]
    • @
    • pole kontrolne
    • 20241231100549.0
040 -Instytucja sporządzająca opis [ , ]
    • a
    • Instytucja, która sporządziła opis (NP)
    • KR 93/MN
    • c
    • Instytucja, która sporządziła rekord (NP)
    • KR 93/MN
    • d
    • Instytucja, która zmodyfikowała rekord (P)
    • KR 93/TS
    • d
    • Instytucja, która zmodyfikowała rekord (P)
    • KR 93/BZs
    • d
    • Instytucja, która zmodyfikowała rekord (P)
    • KR 93/MM
    • d
    • Instytucja, która zmodyfikowała rekord (P)
    • WA U/96ASK
942 -Rodzaj dokumentu [ , ]
    • c
    • Rodzaj dokumentu
    • Książka
245 -Strefa tytułu i oznaczenia odpowiedzialności [0,0]
    • a
    • Tytuł
    • Slovarʹ sovremennogo russkogo literaturnogo âzyka. Find
    • n
    • Oznaczenie części (P)
    • T. 1- /
    • c
    • Pozostałe elementy strefy tytułu i oznaczenia odpowiedzialności (NP)
    • [glav. red.: V. I. Černyšev et al.] ; Akademiâ Nauk SSSR. Institut russkogo âzyka.
260 -Strefa adresu wydawniczego [ , ]
    • a
    • Miejsce wydania (P)
    • Moskva ;
    • a
    • Miejsce wydania (P)
    • Leningrad :
    • b
    • Nazwa wydawcy (P)
    • Izdatelʹstvo Akademii Nauk SSSR,
    • c
    • Data wydania (P)
    • 1950-.
300 -Strefa opisu fizycznego [ , ]
    • a
    • Określenie formy książki i/lub objętość (NP)
    • Wol. ;
    • c
    • Format (NP)
    • 27 cm.
336 -Typ zawartości [ , ]
    • a
    • Termin opisujący typ zawartości
    • Tekst
    • b
    • Kod określający zawartość
    • txt
    • 2
    • Źródło (terminu i kodu)
    • rdacontent
337 -Typ mediów [ , ]
    • a
    • Tryb odtwarzania
    • Bez urządzenia pośredniczącego
    • b
    • Kod typu mediów
    • n
    • 2
    • Źródło (terminu i kodu)
    • rdamedia
338 -Typ/rodzaj nośnika [ , ]
    • a
    • Hasło opisujące typ nośnika
    • Wolumin
    • b
    • Kod typu nośnika
    • nc
    • 2
    • Źródło (terminu i kodu)
    • rdacarrier
500 -Uwaga ogólna [ , ]
    • a
    • Uwaga ogólna (NP)
    • Druk dwuszpaltowy.
546 -Uwaga dot. języka [ , ]
    • b
    • Uwaga dot. alfabetu
    • Alfabet cyryl.
650 -Hasło przedmiotowe [ ,7]
    • a
    • Hasło przedmiotowe
    • Język rosyjski
    • v
    • Określnik formalny
    • słowniki.
    • 2
    • Źródło terminu
    • kaba
    • 9
    • KHW
    • 113441
700 -Hasło dodatkowe - nazwa osobowa [1, ]
    • a
    • Nazwa osobowa (NP)
    • Černyšev, Vasilij Il'ič Find
    • d
    • Daty biograficzne (NP)
    • (1867-1949).
    • e
    • Określenie rodzaju współpracy
    • Red.
    • 9
    • KHW
    • 687244
710 -Hasło dodatkowe - nazwa ciała zbiorowego [2, ]
    • a
    • Nazwa ciała zbiorowego lub nazwa geograficzna jako pierwszy element (NP)
    • Akademiâ nauk SSSR.
    • b
    • Nazwa jednostki podrzędnej (P)
    • Izdatelʹstvo.
    • 4
    • Kod relacji
    • pbl
    • 9
    • KHW
    • 62348
Data inwentaryzacji Lokalizacja Status udost. Numer porzadkowy Numer tomu Numer inwentarzowy Uwagi nie widoczne w OPAC Sygnatura
 BG12T.2 VZ.68585  
 BG11T.1 A-BZ.68584  
 BG13T.3 G-EZ.68586  
 BG14T.4 Ž-ZZ.68587  
 BG15T.5 I-KZ.68588  
 BG16T.6 L-MZ.68589  
 BG17T.7 NZ.68590  
 BG18T.8 OZ.68591  
 BG19T.9 P-pnut'Z.68592  
 BG110T.10 Po-poâsočekZ.68593  
 BG111T.11 Pra-pât'ûZ.68594  
 BG112T.12 RZ.68595  
 BG113T.13 S-snât'sâZ.68596  
 BG114T.14 So-sâmZ.68597  
 BG115T.15 TZ.68598  
 BG116T.16 U-FZ.68599  
 BG117T.17 H-ÂZ.68600  
 BM12T.2 VR.4505 ROS. Słow. specjalistyczne 17
 BM13T.3 G-ER.4506 ROS. Słow. specjalistyczne 18
 BM14T.4 Ž-ZR.4507 ROS. Słow. specjalistyczne 19
 BM15T.5 I-KR.4508 ROS. Słow. specjalistyczne 20
 BM16T.6 L-MR.4509 ROS. Słow. specjalistyczne 21
 BM17T.7 NR.4510 ROS. Słow. specjalistyczne 22
 BM18T.8 OR.4511 ROS. Słow. specjalistyczne 23
 BM19T.9 P-pnut'R.4512 ROS. Słow. specjalistyczne 24
 BM110T.10 Po-poâsočekR.4513 ROS. Słow. specjalistyczne 25
 BM111T.11 Pra-pât'ûR.4514 ROS. Słow. specjalistyczne 26
 BM112T.12 RR.4515 ROS. Słow. specjalistyczne 27
 BM113T.13 S-snât'sâR.4516 ROS. Słow. specjalistyczne 28
 BM114T.14 So-sâmR.4517 ROS. Słow. specjalistyczne 29
 BM115T.15 TR.4518 ROS. Słow. specjalistyczne 30
 BM116T.16 U-FR.4519 ROS. Słow. specjalistyczne 31
 BM117T.17 H-ÂR.4520 ROS. Słow. specjalistyczne 32
2024-06-12BM11T.1 A-BP.32018  
 BNS11T. 1 A-BANS.3092wyd. 1950